[Event "DVM U20 2019"]
[Site "Braunschweig GER"]
[Date "2019.12.28"]
[Round "4"]
[White "Meister, Konstantin"]
[Black "van Haaren, Laurens Jan"]
[Result "0-1"]
[Termination "normal"]
[Board "8.6"]
[WhiteElo "1256"]
[BlackElo "1482"]
[WhiteClock "00:34:32"]
[BlackClock "00:33:46"]
[WhiteTeam "Sges Bensheim 1931"]
[BlackTeam "Schachklub Turm Kleve 1974 e. V."]
[PlyCount "50"]
[WhiteFideId "16298586"]
[BlackFideId "12976741"]
[EventCountry "GER"]
[EventRounds "7"]
[EventType "team-swiss"]
[EventDate "2019.12.26"]

1. e4 {[%clk 1:30:59]} g6 {[%clk 1:30:13]} 2. Nc3 {[%clk 1:31:09]} Bg7 {[%clk
1:30:19]} 3. Bc4 {[%clk 1:31:05]} e6 {[%clk 1:30:13]} 4. d4 {[%clk 1:30:19]} d6
{[%clk 1:26:11]} 5. Nf3 {[%clk 1:29:59]} Ne7 {[%clk 1:26:00]} 6. O-O {[%clk
1:27:29]} b6 {[%clk 1:23:52]} 7. d5 {[%clk 1:27:04]} e5 {[%clk 1:23:26]} 8.
Bb5+ {[%clk 1:25:41]} Bd7 {[%clk 1:23:10]} 9. Qe2 {[%clk 1:23:34]} O-O {[%clk
1:18:07]} 10. Bxd7 {[%clk 1:21:00]} Nxd7 {[%clk 1:17:22]} 11. Bg5 {[%clk
1:21:21]} h6 {[%clk 1:17:32]} 12. Bh4 {[%clk 1:20:48]} a6 {[%clk 1:06:11]} 13.
Qe3 {[%clk 1:13:51]} Qe8 {[%clk 0:57:41]} 14. Rad1 {[%clk 1:08:22]} f5 {[%clk
0:57:52]} 15. Bxe7 {[%clk 1:06:10]} Qxe7 {[%clk 0:57:48]} 16. g3 {[%clk
1:06:31]} f4 {[%clk 0:54:39]} 17. Qd2 {[%clk 1:05:18]} g5 {[%clk 0:52:10]} 18.
g4 {[%clk 1:02:23]} Nf6 {[%clk 0:50:03]} 19. h3 {[%clk 1:01:44]} h5 {[%clk
0:45:09]} 20. Nxg5 {[%clk 0:59:15]} hxg4 {[%clk 0:43:17]} 21. Qd3 {[%clk
0:58:44]} Nh7 {[%clk 0:33:52]} 22. Ne6 {[%clk 0:50:07]} f3 {[%clk 0:33:34]} 23.
Nxf8 {[%clk 0:34:01]} Qh4 {[%clk 0:33:55]} 24. Qxf3 {[%clk 0:34:07]} gxf3
{[%clk 0:34:08]} 25. Kh2 {[%clk 0:34:32]} Ng5 {[%clk 0:33:46]} 0-1